00281nam a2200121 a 4500008004100000020001500041050001700056100001600073245001300089260003200102300001600134350000900150120416s1973 ||||||||||||||||| || u a0713417862 aBL 65.H5 Bod aBodey, Hugh10aReligion aLondonbB.T. Batsfordc1973 a16p. : ill. a0.00